Comprensión lectora y expresión escrita: experiencia pedagógica /

Guardado en:
Autor Principal: Palacios De Pizani, Alicia
Formato: Libro
Publicado: Buenos Aires : Aique, 1990
Series:Did ctica
Materias:
Etiquetas: Agregar Etiqueta
Sin Etiquetas, Sea el primero en etiquetar este registro!
LEADER 00631nam a22002175a 4500
001 CEM.cems004853
005 20060217000000.0
008 130507s1990##################000#0#####d
003 CEMS
082 0 4 |a 372.6 
100 1 |a Palacios De Pizani, Alicia 
245 1 0 |a Comprensión lectora y expresión escrita: experiencia pedagógica / 
260 |a Buenos Aires :  |b Aique,  |c 1990 
300 |a 162 
490 0 |a Did ctica 
653 |a Didactica del lenguaje 
653 |a Educacion 
653 |a Expresion escrita 
653 |a Linguistica 
653 |a Psicolinguistica 
859 |a CEMS  |b BIB. CEMS - 11 de abril  |h 372.6  |i P711  |p 16093.91  |t Ej.1